Gaming Quiz

Random Gaming or Nintendo Quiz

Recent Planeswalkers Quiz Stats

 Plays Quiz not verified by Sporcle

Also try: Yahtzee Categories
Challenge
Share
Tweet
Embed
Score 0/11 Timer 08:00
0 Plays Today
Description Name % Correct
Male human mind-wizard; uses blue magic to completely dominate his opponent's minds and steal their thoughts; he enjoys maintaining order wherever he is situatedJace Beleren
96.2%
Female human fire-mage; uses red magic to devestate and incinerate her enemies, she rebels against all authority as she searches for treasureChandra Nalaar
93.6%
Male albino leonine cleric; uses white magic to boost his allies, searches for the ones who are responsible for the death of his brotherAjani Goldmane
92.3%
Male human warrior-druid; uses green magic to summon powerful creatures to bolster his already brutish strength; he searches for the shadow-mage that cursed himGarruk Wildspeaker
92.3%
Male elder dragon; uses black, blue, and red magic to fuel his own foul ends; he just wants to rule the entire universe, that's all Nicol Bolas
92.3%
Male vampire aristocrat; uses black magic to do whatever he wants; he is concerned about the prisons of an evil race that he defeatedSorin Markov
91%
Female undead shadow-mage; uses black magic to raise the dead; she uses an ancient artifact to kill the demons that granted her powerLiliana Vess
89.7%
Male human artificer; uses blue magic to manipulate artifacts; although he's pretty smart, he ends up just failing at lifeTezzeret
88.5%
Female elven monarch; uses mostly green magic and a little black to strengthen her elves; she wishes to protect the forest and treasures of her home plane from those who would destNissa Revane
84.6%
Male human dragon-shaman; uses red and green magic to channel the power of the dragons at his opponents; he travels the planes, completing missions for his mysterious masterSarkhan Vol
82.1%
Female human knight; rarely uses her white magic; she only wants to fit in, even if it means all her friends dieElspeth Tirel
78.2%

You're not logged in!

Compare scores with friends on all Sporcle quizzes.
Join for Free
OR
Log In

You Might Also Like...

Show Comments

Extras

Top Quizzes Today


Score Distribution

Your Account Isn't Verified!

In order to create a playlist on Sporcle, you need to verify the email address you used during registration. Go to your Sporcle Settings to finish the process.

Report this User

Report this user for behavior that violates our Community Guidelines.

Details: